[Event "Ruhrgebiet Regionalliga 1213"]
[Site "Nordrheinwestfalen"]
[Date "2013.04.14"]
[Round "8.7"]
[White "Viebahn, Dirk"]
[Black "Gehring, Sven"]
[Result "1-0"]
[WhiteElo "2123"]
[BlackElo "1848"]
[PlyCount "67"]
[EventDate "2012.09.09"]
[EventType "team-tourn"]
[EventRounds "9"]
[EventCountry "GER"]
[SourceTitle "EXT 2020"]
[Source "ChessBase"]
[SourceDate "2019.10.17"]
[SourceVersion "1"]
[SourceVersionDate "2019.10.17"]
[SourceQuality "1"]
[WhiteTeam "Weisse Dame Borbeck"]
[BlackTeam "Recklinghausen Laeufer Ost"]
[WhiteTeamCountry "GER"]
[BlackTeamCountry "GER"]

1. e4 d6 2. d4 Nf6 3. Nc3 g6 4. Nf3 Bg7 5. h3 0-0 6. Be3 Nbd7 7. Qd2 c5 8. d5 a6 9. a4 Qa5 10. Nd1 Qxd2+ 11. Nxd2 Rb8 12. a5 Ne8 13. c3 Nc7 14. Be2 b5 15. axb6 Nxb6 16. 0-0 e6 17. dxe6 fxe6 18. Bg5 Rf7 19. Ra5 Bb7 20. Ne3 Bf8 21. Ng4 Kh8 22. Nh6 Rd7 23. Bg4 Kg7 24. h4 Be7 25. f4 Bxg5 26. hxg5 d5 27. f5 dxe4 28. fxe6 Nxe6 29. Bxe6 Rxd2 30. Rf7+ Kh8 31. Rxc5 e3 32. Rcc7 Rxg2+ 33. Kf1 e2+ 34. Ke1 1-0

[Event "Dortmund op-B"]
[Site "Dortmund"]
[Date "2005.07.10"]
[Round "3"]
[White "Grasse, Herbert"]
[Black "Gehring, Sven"]
[Result "1/2-1/2"]
[WhiteElo "1523"]
[BlackElo "1709"]
[PlyCount "147"]
[EventDate "2005.07.08"]
[EventType "swiss"]
[EventRounds "9"]
[EventCountry "GER"]
[SourceTitle "CBM 107 Extra"]
[Source "ChessBase"]
[SourceDate "2005.09.01"]
[SourceVersion "1"]
[SourceVersionDate "2005.09.01"]
[SourceQuality "1"]

1. Nf3 Nf6 2. g3 d5 3. Bg2 Nc6 4. d3 e5 5. Nbd2 Be6 6. 0-0 h6 7. c3 Qd7 8. Re1 g5 9. Qc2 0-0-0 10. e4 dxe4 11. dxe4 Bd6 12. Nf1 Bh3 13. Bh1 Qe7 14. Ne3 Nb8 15. Bd2 Nbd7 16. b4 Rdg8 17. a4 h5 18. a5 h4 19. a6 b6 20. Qa4 Nb8 21. Nf5 Bxf5 22. exf5 hxg3 23. hxg3 Nfd7 24. Nd4 Qf8 25. Bb7+ Kd8 26. Nc6+ Nxc6 27. Bxc6 Qh6 28. Bg2 Nb8 29. Be3 Qf6 30. Rad1 Ke7 31. c4 Kf8 32. c5 Be7 33. Be4 bxc5 34. b5 Kg7 35. Qc4 Qb6 36. Rd5 Qa5 37. Rc1 c6 38. bxc6 Qxa6 39. Qxa6 Nxa6 40. Rxe5 Kf6 41. Rd5 Rc8 42. Bd2 Kg7 43. f6+ Bxf6 44. Bxg5 Rxc6 45. Rf5 Re6 46. Bxf6+ Rxf6 47. Rxf6 Kxf6 48. Bb7 Nc7 49. Rxc5 Ne6 50. Ra5 Rd8 51. Ra6 Rd7 52. Bc8 Rc7 53. Bxe6 fxe6 54. f4 Kf5 55. Kg2 Kg4 56. Ra2 Rc3 57. Rxa7 Rxg3+ 58. Kh2 Re3 59. Rf7 Re2+ 60. Kg1 Kg3 61. Kf1 Rf2+ 62. Ke1 Rxf4 63. Re7 Rf6 64. Ke2 Kf4 65. Kd3 Ke5 66. Ke3 Rh6 67. Kf3 Rh4 68. Kg3 Rd4 69. Re8 Kd6 70. Kf3 Kd7 71. Ke3 Ra4 72. Rh8 e5 73. Rh6 Ra1 74. Ke2 1/2-1/2

[Event "Dortmund op-B"]
[Site "Dortmund"]
[Date "2005.07.09"]
[Round "2"]
[White "Gehring, Sven"]
[Black "Granz, Thomas"]
[Result "0-1"]
[WhiteElo "1709"]
[BlackElo "1566"]
[PlyCount "80"]
[EventDate "2005.07.08"]
[EventType "swiss"]
[EventRounds "9"]
[EventCountry "GER"]
[SourceTitle "CBM 107 Extra"]
[Source "ChessBase"]
[SourceDate "2005.09.01"]
[SourceVersion "1"]
[SourceVersionDate "2005.09.01"]
[SourceQuality "1"]

1. e4 e5 2. Nf3 Nc6 3. Bb5 Bc5 4. 0-0 d6 5. Nc3 Bd7 6. Na4 Bb6 7. Nxb6 axb6 8. d4 Nxd4 9. Nxd4 exd4 10. Bxd7+ Qxd7 11. Qxd4 f6 12. Bf4 Ne7 13. a3 Nc6 14. Qe3 0-0-0 15. b4 g5 16. Bg3 h5 17. f3 h4 18. Be1 g4 19. a4 Rdg8 20. f4 g3 21. h3 Re8 22. a5 f5 23. axb6 Rxe4 24. Ra8+ Nb8 25. Qc3 Rhe8 26. b5 Re3 27. bxc7 Qxc7 28. Qxc7+ Kxc7 29. Ba5+ Kd7 30. Bb6 Rc3 31. Ba7 Ra3 32. Rd1 Re2 33. Rxb8 Rxa7 34. b6 Ra2 35. Rxb7+ Kc8 36. Rc7+ Kb8 37. Rc1 Rb2 38. Rc6 Kb7 39. Rxd6 Rbxc2 40. Rxc2 Re1# 0-1